000 00394nam a22001577a 4500
020 _a978-0-439951-82-1
082 _a823
_bMCO/D
100 _aMÇOMBIE, KAREN
245 _aDAISY DAD HUGE , SMALL SURPRISE
246 _aDATES, DOUBLE DATES BIG, BIG TROUBLE
260 _aUK
_bSCHOLASTIC CHILDREN BOOK
_c2003
300 _a186
520 _aSHORT STORY
650 _aSHORT STORY
942 _cBK
999 _c6120
_d6120